Über die lokale Struktur reeller Quadriken im Qn Dissertation

Saved in:
Bibliographic Details
Main Author: Marquardt, Helmut
Format: Book
Language:German
Published: Bochum Ruhr-Universität 1980
Tags: Add Tag
No Tags, Be the first to tag this record!

MARC

LEADER 00000nam a2200000 4500
001 c130596
005 20041019155249.8
041 0 |a ger 
044 |a DE 
245 1 0 |a Über die lokale Struktur reeller Quadriken im Qn  |b Dissertation  |c Helmut Marquardt 
264 1 |a Bochum  |b Ruhr-Universität  |c 1980 
300 |a 97 s. 
100 1 |a Marquardt, Helmut